Introduction to probability theory and its applications/ (Record no. 189300)
[ view plain ]
| 000 -LEADER | |
|---|---|
| fixed length control field | 00846nam a2200241Ia 4500 |
| 005 - DATE AND TIME OF LATEST TRANSACTION | |
| control field | 20221129150656.0 |
| 008 - FIXED-LENGTH DATA ELEMENTS--GENERAL INFORMATION | |
| fixed length control field | 210716s2008 xx 000 0 und d |
| 020 ## - INTERNATIONAL STANDARD BOOK NUMBER | |
| International Standard Book Number | 9788126518067 |
| 020 ## - INTERNATIONAL STANDARD BOOK NUMBER | |
| International Standard Book Number | 9788126518050 |
| 040 ## - CATALOGING SOURCE | |
| Transcribing agency | AIMIT LIBRARY |
| 041 ## - LANGUAGE CODE | |
| Language code of text/sound track or separate title | eng |
| 082 ## - DEWEY DECIMAL CLASSIFICATION NUMBER | |
| Classification number | 519.2 |
| Item number | FELW |
| 100 ## - MAIN ENTRY--PERSONAL NAME | |
| Personal name | Feller, William. |
| 9 (RLIN) | 64187 |
| 245 ## - TITLE STATEMENT | |
| Title | Introduction to probability theory and its applications/ |
| Statement of responsibility, etc. | By William Feller. |
| 250 ## - EDITION STATEMENT | |
| Edition statement | 3rd ed. |
| 250 ## - EDITION STATEMENT | |
| Edition statement | 2nd ed. |
| 260 ## - PUBLICATION, DISTRIBUTION, ETC. | |
| Place of publication, distribution, etc. | New Delhi : |
| Name of publisher, distributor, etc. | Wiley India Pvt Ltd , |
| Date of publication, distribution, etc. | 2008. |
| 300 ## - PHYSICAL DESCRIPTION | |
| Extent | 1v.(xviii,509p.) ; |
| -- | 2v.(xxiv,669p.) ; |
| Other physical details | PB |
| Dimensions | 22.7 cm |
| 440 ## - SERIES STATEMENT/ADDED ENTRY--TITLE | |
| Volume/sequential designation | 1 |
| Title | Introduction to probability theory and its applications |
| 9 (RLIN) | 64196 |
| 440 ## - SERIES STATEMENT/ADDED ENTRY--TITLE | |
| Volume/sequential designation | 2 |
| Title | Introduction to probability theory and its applications |
| 9 (RLIN) | 64196 |
| 650 ## - SUBJECT ADDED ENTRY--TOPICAL TERM | |
| Topical term or geographic name entry element | Probabilities and applied mathematics. |
| 9 (RLIN) | 64188 |
| 942 ## - ADDED ENTRY ELEMENTS (KOHA) | |
| Source of classification or shelving scheme | Dewey Decimal Classification |
| Koha item type | Book |
| Call number prefix | 519.2 FELW |
| Withdrawn status | Lost status | Source of classification or shelving scheme | Damaged status | Not for loan | Collection code | Home library | Current library | Date acquired | Source of acquisition | Cost, normal purchase price | Inventory number | Total Checkouts | Full call number | Barcode | Date last seen | Cost, replacement price | Price effective from | Koha item type |
|---|---|---|---|---|---|---|---|---|---|---|---|---|---|---|---|---|---|---|
| Dewey Decimal Classification | MCA | St Aloysius Institute of Management & Information Technology | St Aloysius Institute of Management & Information Technology | 11/29/2022 | Current Books | 359.00 | Billno:700011;Bill dt:2009-02-04 | 519.2 FELW | MCA08808 | 07/21/2025 | 287.20 | 07/16/2021 | Book | |||||
| Dewey Decimal Classification | MCA | St Aloysius Institute of Management & Information Technology | St Aloysius Institute of Management & Information Technology | 11/29/2022 | Current Books | 359.00 | Billno:700011;Bill dt:2009-02-04 | 519.2 FELW | MCA08809 | 07/21/2025 | 287.20 | 07/16/2021 | Book | |||||
| Dewey Decimal Classification | MCA | St Aloysius Institute of Management & Information Technology | St Aloysius Institute of Management & Information Technology | 11/29/2022 | Current Books | 359.00 | Billno:700011;Bill dt:2009-02-04 | 519.2 FELW | MCA08822 | 07/21/2025 | 287.20 | 07/16/2021 | Book | |||||
| Dewey Decimal Classification | MCA | St Aloysius Institute of Management & Information Technology | St Aloysius Institute of Management & Information Technology | 11/29/2022 | Current Books | 359.00 | Billno:700011;Bill dt:2009-02-04 | 519.2 FELW | MCA08823 | 07/21/2025 | 287.20 | 07/16/2021 | Book |